Caída libre : (Registro nro. 11243)

Detalles MARC
000 -LIDER
fixed length control field 01420nam a2200457 c 4500
001 - NÚMERO DE CONTROL
Identificador de número de control 58989
003 - IDENTIFICACDOR DE NÚMERO DE CONTROL
control field DO-SdBNP
005 - DATE AND TIME OF LATEST TRANSACTION
control field 20171109100434.0
007 - CAMPOS FIJOS DE DESCRIPCIÓN FÍSICA
fixed length control field 58989
008 - ELEMENTOS DE LONGITUD FIJA
fixed length control field 150623s2010 sp | |||| 000 0 spa
015 ## - NÚMERO DENTRO DE LA BIBLIOGRAFÍA NACIONAL
National bibliography number
017 ## - NÚMERO DE REGISTRO DE DERECHOS DE AUTOR
Copyright or legal deposit number
Assigning agency
020 ## - ISBN
International Standard Book Number 9786071105073
035 ## - NÚMERO LOCAL
System control number
040 ## - FUENTE DE CATALOGACIÓN
Agencia que crea de manera original el registro BPMSU
Idioma de catalogación spa
Agencia que realiza la transcripción BPMSU
Convenciones de la despripción
080 ## - NÚMERO DE CLASIFICACIÓN DECIMAL UNIVERSAL
Universal Decimal Classification number
080 ## - NÚMERO DE CLASIFICACIÓN DECIMAL UNIVERSAL
Universal Decimal Classification number
082 #4 - NÚMERO DE CLASIFICACIÓN DECIMAL DE DEWEY
Classification number 330.973
Item number S855c
100 1# - ASIENTO PRINCIPAL -- NOMBRE PERSONAL
Nombre personal Stiglitz, Joseph E.
Fechas asociadas con el nombre 1943-
Término de relación
240 10 - TITULO UNIFORME
Título uniforme Freefall. America, free markets and sinking of the world economy
Idioma de una obra Español
245 10 - MENCIÓN DE TITULO
Título Caída libre :
Subtítulo el libre mercado y el hundimiento de la economía mundial /
Mención de responsabilidad Joseph E. Stiglitz ; traducción de Alejandro Pradera y Núria Petit
250 ## - MENCIÓN DE EDICION
Mención de edición
260 0# - PUBLICACIÓN, DISTRIBUCIÓN, ETC. (PIE DE IMPRENTA)
Lugar de publicación, distribución, etc México, D.F. :
Nombre del editor, distribuidor, etc. Taurus,
Fecha de publicación, distribución, etc 2010
300 ## - DESCRIPCIÓN FÍSICA
Extensión 423 p. ;
Dimensiones 19 cm
336 ## - CONTENT TYPE
Content type term
Source
337 ## - MEDIA TYPE
Media type term
Source
490 1# - MENCIÓN DE SERIES
Mención de serie Pensamiento
504 ## - NOTA DE BIBLIOGRAFÍA, ETC.
Bibliography, etc
586 ## - AWARDS NOTE
Awards note Premio nobel de economía
650 #4 - ENCABEZAMIENTO DE MATERIA--TEMÁTICO
Término temático o nombre geográfico como elemento de entrada CRISIS FINANCIERA
Subdivisión geográfica ESTADOS UNIDOS
650 #4 - ENCABEZAMIENTO DE MATERIA--TEMÁTICO
Término temático o nombre geográfico como elemento de entrada FINANZAS
Subdivisión temática general POLÍTICA GUBERNAMENTAL
Subdivisión geográfica ESTADOS UNIDOS
651 #4 - ENCABEZAMIENTO DE MATERIA--NOMBRE GEOGRÁFICO
Nombre geográfico ESTADOS UNIDOS
Subdivisión temática general POLÍTICA ECONÓMICA
Subdivisión cronológica 1993-2009
700 12 - ASIENTO SECUNDARIO -- NOMBRE PERSONAL
Nombre personal Pradera, Alejandro,
Mención de responsabilidad traductor
700 12 - ASIENTO SECUNDARIO -- NOMBRE PERSONAL
Nombre personal Petit Fontsere, Nuria,
Mención de responsabilidad traductor
830 ## - ASIENTO SECUNDARIO DE SERIE--TÍTULO UNIFORME
Título uniforme Pensamiento
901 ## - LOCAL DATA ELEMENT A, LDA (RLIN)
a BC-BNE
910 ## - VALIDACIÓN
Validación Validado. Control de calidad MFF
942 ## - ADDED ENTRY ELEMENTS (KOHA)
Source of classification or shelving scheme Dewey Decimal Classification
Koha item type Libros
945 ## - INFORMACIÓN DE PROCESAMIENTO LOCAL
Información de procesamiento local Inventariado, 2017/MFF
956 ## - LOCAL ELECTRONIC LOCATION AND ACCESS (OCLC)
Nombre de host VMATEO
Número de acceso 10
Información de compresión 20160831
Trayectoria BPMSU
Nombre Electrónico 0069
Existencias
Withdrawn status Lost status Source of classification or shelving scheme Damaged status Not for loan Collection code Home library Current library Date acquired Source of acquisition Total Checkouts Full call number Barcode Date last seen Price effective from Koha item type Copy number
    Dewey Decimal Classification     Colección General Biblioteca Pública Metropolitana Salomé Ureña Biblioteca Pública Metropolitana Salomé Ureña 08/31/2016 Alfaguara   330.973 S855c BPMSU16080326 08/31/2016 08/31/2016 Libros  
    Dewey Decimal Classification     Colección General Biblioteca Pública Metropolitana Salomé Ureña Biblioteca Pública Metropolitana Salomé Ureña 11/08/2016 Afaguara   330.973 S855c BPMSU16110150 11/08/2016 11/08/2016 Libros e. 2